Rediseño del proceso de aprovisionamiento de los recursos críticos para suplir la ejecución del Plan de Acciones Formativas del INA y satisfacer las necesidades de sus clientes
Αποθηκεύτηκε σε:
| Κύριος συγγραφέας: | |
|---|---|
| Άλλοι συγγραφείς: | |
| Μορφή: | Βιβλίο |
| Έκδοση: |
San José, C.R.
1997
|
| Θέματα: | |
| Ετικέτες: |
Προσθήκη ετικέτας
Δεν υπάρχουν, Καταχωρήστε ετικέτα πρώτοι!
|
MARC
| LEADER | 00000nam a2200000Ia 4500 | ||
|---|---|---|---|
| 003 | 008363 | ||
| 005 | 20221231144228.0 | ||
| 008 | 140114s1997 cr a m 000 ||s d | ||
| 040 | |c cru CEDI | ||
| 090 | |a TFG 3766 | ||
| 100 | |a Jiménez Barrantes, Daniel |9 9286 | ||
| 245 | |a Rediseño del proceso de aprovisionamiento de los recursos críticos para suplir la ejecución del Plan de Acciones Formativas del INA y satisfacer las necesidades de sus clientes | ||
| 260 | |c 1997 |a San José, C.R. | ||
| 300 | |a xv, [180] hojas : ilustraciones | ||
| 500 | |a Proyecto de graduación (licenciatura en ingeniería industrial)--Universidad de Costa Rica. Facultad de Ingeniería. Escuela de Ingeniería Industrial | ||
| 650 | |x INSTITUTO NACIONAL DE APRENDIZAJE (COSTA RICA) - ADMINISTRACION |x REINGENIERIA (ADMINISTRACION) |9 9288 | ||
| 700 | |9 9287 |a Vega Rodríguez, Mario | ||
| 942 | |c TFG | ||
| 999 | |c 18749 |d 18749 | ||
